Normal view
MARC view
Entry Topical Term
001 - CONTROL NUMBER
- control field: 9453
003 - CONTROL NUMBER IDENTIFIER
- control field: ARRUPE
005 - DATE AND TIME OF LATEST TRANSACTION
- control field: 20140326163439.0
008 - FIXED-LENGTH DATA ELEMENTS
- fixed length control field: 140326|| aca||aabn | a|a d
040 ## - CATALOGING SOURCE
- Original cataloging agency: ARRUPE
- Transcribing agency: ARRUPE
150 ## - HEADING--TOPICAL TERM
- Topical term or geographic name as entry element: Chishawasha (mission)
- General subdivision: History
- General subdivision: Catholic Church
- Geographic subdivision: Zimbabwe
670 ## - SOURCE DATA FOUND
- Source citation: Work cat.: (ARRUPE): Rea, William Francis 9452, A Souvenir of the century of Loyola Mission Chishawasha, 1992